00609nam a2200205Ia 450000500170000000800410001702000180005804000190007604100120009508200140010710000180012124500390013926000360017830000380021450400190025263000330027165000640030465100250036885000100039320231117105840.0131103s9999 xx 000 0 und d a1 85278 587 X aLoreto College aEnglish a327b COF aCoffey, Peter 4aThe Future of EuropecPeter Coffey aAldershot bEdward Elgarcc1995 aviii,204 p.b ill.,figures,tables aIncludes index aEurope - Foreign Policy,1989 aPolitics - International Relations - European Federation -  aPolitical Science -  aLCLIB